[Event "Reunion op 19th"]
[Site "St Denis"]
[Date "2017.10.16"]
[Round "1"]
[White "Fondrat, Johan"]
[Black "Arulanantham, Manuelpillai"]
[Result "0-1"]
[WhiteElo "1099"]
[BlackElo "1570"]
[PlyCount "96"]
[EventDate "2017.10.16"]
[EventType "swiss"]
[EventRounds "7"]
[EventCountry "RUF"]
[SourceTitle "CBM 181 Extra"]
[Source "ChessBase"]
[SourceDate "2017.12.12"]
[SourceVersion "1"]
[SourceVersionDate "2017.12.12"]
[SourceQuality "1"]

1. e4 c5 2. d3 d6 3. Nf3 g6 4. Be2 Nf6 5. 0-0 Bg7 6. Bg5 0-0 7. Nc3 Nc6 8. Qd2 Bg4 9. Bh6 Bxf3 10. Bxf3 Bxh6 11. Qxh6 Nd4 12. Bd1 e6 13. Ne2 Nxe2+ 14. Bxe2 Nd7 15. c4 f5 16. exf5 exf5 17. Bf3 Rb8 18. Bd5+ Kh8 19. Qf4 Qf6 20. Rfe1 b6 21. Rab1 Ne5 22. d4 Nd3 23. Qg3 Nxe1 24. Rxe1 Rbe8 25. Rd1 Qxd4 26. Rb1 Qe5 27. f4 Qe3+ 28. Qxe3 Rxe3 29. Kf2 Rfe8 30. Bc6 R8e7 31. Rd1 Re2+ 32. Kf1 Rxb2 33. Rxd6 Rxa2 34. Rd8+ Kg7 35. Bd5 Rb2 36. Rg8+ Kh6 37. Bf3 Re3 38. Rd8 a5 39. Rd1 a4 40. Ra1 a3 41. h4 a2 42. Kg1 Rb1+ 43. Rxb1 axb1Q+ 44. Kh2 Qc2 45. Bd5 Qf2 46. Bf3 Rxf3 47. Kh1 Rxf4 48. h5 Rh4# 0-1